5HLuxD.jpg

KING HENRY VIII SENIOR AND PRIMARY SCHOOL LIBRARY OPAC

The abominables / (Record no. 3346)

000 -LEADER
fixed length control field 00955nam a22002417a 4500
005 - DATE AND TIME OF LATEST TRANSACTION
control field 20231120085649.0
008 - FIXED-LENGTH DATA ELEMENTS--GENERAL INFORMATION
fixed length control field 231120b ||||| |||| 00| 0 eng d
020 ## - INTERNATIONAL STANDARD BOOK NUMBER
International Standard Book Number 9781419712159
040 ## - CATALOGING SOURCE
Transcribing agency KH8
082 ## - DEWEY DECIMAL CLASSIFICATION NUMBER
Classification number FIC IBB
100 ## - MAIN ENTRY--PERSONAL NAME
Personal name Ibbotson, Eva
Relator term Author
245 ## - TITLE STATEMENT
Title The abominables /
Statement of responsibility, etc. Eva Ibbotson
260 ## - PUBLICATION, DISTRIBUTION, ETC.
Place of publication, distribution, etc. New York,
Name of publisher, distributor, etc. Amulet Books,
Date of publication, distribution, etc. 2013
300 ## - PHYSICAL DESCRIPTION
Extent 258 pages :
Other physical details illustrations ;
Dimensions 20 cm
500 ## - GENERAL NOTE
General note <br/>Map on lining papers
520 ## - SUMMARY, ETC.
Summary, etc. A century after a yeti captures Lady Agatha Farlingham and takes her to a hidden valley to raise his motherless children, tourism threatens their peaceful existence and young Con and Ellen take these educated and civilized yetis across Europe to Lady Agatha's home in England
521 ## - TARGET AUDIENCE NOTE
Target audience note Action and adventure fiction
650 ## - SUBJECT ADDED ENTRY--TOPICAL TERM
Topical term or geographic name entry element Action and adventure fiction
650 ## - SUBJECT ADDED ENTRY--TOPICAL TERM
Topical term or geographic name entry element Europe Fiction
650 ## - SUBJECT ADDED ENTRY--TOPICAL TERM
Topical term or geographic name entry element Fantasy fiction
700 ## - ADDED ENTRY--PERSONAL NAME
Personal name Robinson, Fiona
Relator term Illustrator
942 ## - ADDED ENTRY ELEMENTS (KOHA)
Source of classification or shelving scheme
Koha item type Books - Fiction
Holdings
Withdrawn status Lost status Source of classification or shelving scheme Damaged status Not for loan Collection code Permanent Location Current Location Shelving location Date acquired Total Checkouts Full call number Barcode Date last seen Date last checked out Price effective from Koha item type
          Fiction KH8 Primary School Library KH8 Primary School Library Fiction 2023-11-20 3 FIC IBB KHPL000004349 2025-12-05 2024-06-12 2023-11-20 Books - Fiction

Powered By KH8 IT Dept